000 00655nam a2200229Ia 4500
003 OSt
005 20220928113237.0
006 a|||||r|||| 00| 0
007 ta
008 220927b |||||||| |||| 00| 0 eng d
024 _a51287
037 _cTextual
040 _aSDCL
_cSDCL
_beng
041 _2eng
_aeng
082 _aV41:191'N9, N6
100 _aSutter Robert G
_9432138
245 0 _aShaping China's future in world affairs
_b The role of the United States
260 _aLondon
_bWestview Press
_c1996
300 _avi,194p
_ccm.
942 _hV41:191'N9, N6
_cTEXL
_2CC
999 _c748707
_d748707